MARC details
| 000 -LEADER |
| fixed length control field |
03402cam a22008057a 4500 |
| 001 - CONTROL NUMBER |
| control field |
4741175 |
| 003 - CONTROL NUMBER IDENTIFIER |
| control field |
LIBRIS |
| 005 - DATE AND TIME OF LATEST TRANSACTION |
| control field |
20230316090814.0 |
| 008 - FIXED-LENGTH DATA ELEMENTS--GENERAL INFORMATION |
| fixed length control field |
011211s1983 xxu|||||||||||001 0|eng|c |
| 020 ## - INTERNATIONAL STANDARD BOOK NUMBER |
| International Standard Book Number |
0262680424 |
| 020 ## - INTERNATIONAL STANDARD BOOK NUMBER |
| International Standard Book Number |
9780262680424 |
| 040 ## - CATALOGING SOURCE |
| Original cataloging agency |
Ark |
| Description conventions |
a |
| Transcribing agency |
N |
| 041 ## - LANGUAGE CODE |
| Language code of text/sound track or separate title |
eng |
| 082 #4 - DEWEY DECIMAL CLASSIFICATION NUMBER |
| Classification number |
711.4092 L36 1983 |
| Edition number |
23 |
| 084 ## - OTHER CLASSIFICATION NUMBER |
| Classification number |
Ict |
| Number source |
kssb/8 |
| 084 ## - OTHER CLASSIFICATION NUMBER |
| Classification number |
Ict |
| Number source |
kssb/7 |
| 084 ## - OTHER CLASSIFICATION NUMBER |
| Classification number |
Ic:d |
| Number source |
kssb/7 |
| 100 1# - MAIN ENTRY--PERSONAL NAME |
| Personal name |
Rowe, Colin |
| 245 10 - TITLE STATEMENT |
| Title |
Collage city / |
| Statement of responsibility, etc. |
Colin Rowe & Fred Koetter. |
| 250 ## - EDITION STATEMENT |
| Edition statement |
1. MIT Press pbk. ed. |
| 264 #1 - PRODUCTION, PUBLICATION, DISTRIBUTION, MANUFACTURE, AND COPYRIGHT NOTICE |
| Place of production, publication, distribution, manufacture |
Cambridge, Mass. |
| Name of producer, publisher, distributor, manufacturer |
MIT, |
| Date of production, publication, distribution, manufacture, or copyright notice |
1983 |
| 300 ## - PHYSICAL DESCRIPTION |
| Extent |
185 s. |
| Other physical details |
ill. |
| 650 #7 - SUBJECT ADDED ENTRY--TOPICAL TERM |
| Topical term or geographic name entry element |
Stadsplanering (estetik) |
| Authority record control number or standard number |
https://id.kb.se/term/sao/Stadsplanering%20%28estetik%29 |
| Source of heading or term |
sao |
| 650 #7 - SUBJECT ADDED ENTRY--TOPICAL TERM |
| Topical term or geographic name entry element |
Arkitekturteori |
| Authority record control number or standard number |
https://id.kb.se/term/sao/Arkitekturteori |
| Source of heading or term |
sao |
| 650 #0 - SUBJECT ADDED ENTRY--TOPICAL TERM |
| Topical term or geographic name entry element |
City planning |
| 650 #7 - SUBJECT ADDED ENTRY--TOPICAL TERM |
| Topical term or geographic name entry element |
Stadsplanekonst |
| Source of heading or term |
sao |
| 650 #7 - SUBJECT ADDED ENTRY--TOPICAL TERM |
| Topical term or geographic name entry element |
Stadsplanering |
| Authority record control number or standard number |
https://id.kb.se/term/sao/Stadsplanering |
| Source of heading or term |
sao |
| 650 #7 - SUBJECT ADDED ENTRY--TOPICAL TERM |
| Topical term or geographic name entry element |
Arkitekturteori |
| Authority record control number or standard number |
https://id.kb.se/term/sao/Arkitekturteori |
| Source of heading or term |
sao |
| 700 1# - ADDED ENTRY--PERSONAL NAME |
| Personal name |
Koetter, Fred |
| 775 0# - OTHER EDITION ENTRY |
| International Standard Book Number |
0-262-18086-3 |
| Record control number |
0262180863 |
| 887 ## - NON-MARC INFORMATION FIELD |
| Content of non-MARC field |
{"@id":"tb4wnq455277m51","modified":"2013-11-12T10:15:21+01:00"} |
| Source of data |
librisxl |
| 887 ## - NON-MARC INFORMATION FIELD |
| Content of non-MARC field |
{"@id":"48f6q5s909fc8c7","modified":"2016-10-20T12:14:02+02:00"} |
| Source of data |
librisxl |
| 887 ## - NON-MARC INFORMATION FIELD |
| Content of non-MARC field |
{"@id":"t37sqplbrptx7qfn","modified":"2018-11-02T11:29:29.053+01:00"} |
| Source of data |
librisxl |
| 887 ## - NON-MARC INFORMATION FIELD |
| Content of non-MARC field |
{"@id":"v9473662s2j4t1z6","modified":"2022-03-21T12:52:05.074+01:00"} |
| Source of data |
librisxl |
| 887 ## - NON-MARC INFORMATION FIELD |
| Content of non-MARC field |
{"@id":"04cphdz50hdqcf0","modified":"2017-11-08T10:24:26+01:00"} |
| Source of data |
librisxl |
| 887 ## - NON-MARC INFORMATION FIELD |
| Content of non-MARC field |
{"@id":"fkr9f08l49rr1pn","modified":"2013-11-12T10:15:39+01:00"} |
| Source of data |
librisxl |
| 887 ## - NON-MARC INFORMATION FIELD |
| Content of non-MARC field |
{"@id":"04b9jkd50xrr80p","modified":"2014-03-17T13:46:52+01:00"} |
| Source of data |
librisxl |
| 887 ## - NON-MARC INFORMATION FIELD |
| Content of non-MARC field |
{"@id":"48gck5m93vbldpv","modified":"2018-01-08T12:45:17+01:00"} |
| Source of data |
librisxl |
| 887 ## - NON-MARC INFORMATION FIELD |
| Content of non-MARC field |
{"@id":"59hz4h2b4mw7m28","modified":"2013-01-23T12:40:40+01:00"} |
| Source of data |
librisxl |
| 887 ## - NON-MARC INFORMATION FIELD |
| Content of non-MARC field |
{"@id":"6bh3ztmc4ccvdcc","modified":"2005-07-05T11:04:08+02:00"} |
| Source of data |
librisxl |
| 887 ## - NON-MARC INFORMATION FIELD |
| Content of non-MARC field |
{"@id":"cn5041j09621cc6p","modified":"2019-10-28T10:32:30.95+01:00"} |
| Source of data |
librisxl |
| 942 ## - ADDED ENTRY ELEMENTS (KOHA) |
| Source of classification or shelving scheme |
Dewey Decimal Classification |
| Koha item type |
English Book |
| Suppress in OPAC |
No |